[Event "SVK-ch U10 Girls"]
[Site "Stara Lubovna"]
[Date "2022.05.21"]
[Round "1"]
[White "Zapotokova, Elena"]
[Black "Gondekova, Emma"]
[Result "0-1"]
[WhiteElo "1000"]
[BlackElo "1243"]
[PlyCount "46"]
[EventDate "2022.05.21"]
[EventType "tourn"]
[EventRounds "10"]
[EventCountry "SVK"]
[SourceTitle "CBM 208 Extra"]
[Source "ChessBase"]
[SourceDate "2022.07.31"]
[SourceVersion "1"]
[SourceVersionDate "2022.07.31"]
[SourceQuality "1"]

1. d4 d5 2. Nf3 Nf6 3. Nc3 Nc6 4. Bg5 Bg4 5. e3 a6 6. Bd3 e6 7. 0-0 Be7 8. h3 Bh5 9. a3 h6 10. Bh4 0-0 11. b4 Nd7 12. Na4 Bxh4 13. c3 b5 14. Bc2 bxa4 15. Qd3 Bg6 16. Ne5 Bxd3 17. Bxd3 Ndxe5 18. dxe5 Nxe5 19. Bc2 Bf6 20. c4 Nxc4 21. Bd3 Bxa1 22. Rxa1 Qf6 23. Rc1 Qb2 0-1